00949cam a2200169 a 4500020001800000020001500018040000800033082002600041245009800067260002400165300005600189500038100245650002900626650003100655650003200686710006100718 a9789251071656 a9251071659 cAU@04a630 FAO 2011 A052 Or.00aIntroduction to the International Treaty on Plant Genetic Resources for Food and Agriculture. aRome :bFAO,c2011. aix, 155 p. :bcol. ill., maps (some col.) ;c30 cm. a"Introduction to the International Treaty on Plant Genetic Resources for Food and Agriculture is the first in a series of comprehensive educational modules being developed in response to the need voiced by many Contracting Parties and stakeholder groups to strengthen capacities and increase knowledge on the operation and importance of the International Treaty."--Back cover. 0aSustainable agriculture. 0aAgricultural conservation. 0aGermplasm resources, Plant.2 aFood and Agriculture Organization of the United Nations.